000
00307nam a22001337a 4500
008
181107b xxu||||| |||| 00| 0 eng d
020
_a
9781857283846
041
_a
eng
080
_a
070
100
_a
28
101
_a
MED
245
_a
Media Culture And The Environment
_c
Anderson.A
942
_2
udc
_c
BK
999
_c
52194
_d
52194